| 000 | 00882nam a2200253Ia 4500 | ||
|---|---|---|---|
| 003 | OSt | ||
| 005 | 20220923211222.0 | ||
| 006 | a|||||r|||| 00| 0 | ||
| 007 | ta | ||
| 008 | Pun | ||
| 020 |
_a9788130202372 (hbk) _c440 |
||
| 024 | _a290,598 | ||
| 037 |
_b969, 16/12/2015, H.K. Prakashan _cTextual |
||
| 040 |
_aARTS _cARTS _bPun |
||
| 041 |
_2Pun _aPun |
||
| 082 | _aQ8441wK30, 153Q3 | ||
| 100 |
_aਸਿੰਘ, ਜਗਜੀਵਨ _9156291 |
||
| 245 | 0 |
_aਸ੍ਰੀ ਗੁਰੂ ਹਰਿ ਰਾਇ ਸਾਹਿਬ _b ਜੀਵਨ ਅਤੇ ਪ੍ਰਤਿਭਾ |
|
| 260 |
_aਪਟਿਆਲਾ _b ਪੰਜਾਬੀ ਯਸ਼ਨੀਵਰਸਿਟੀ _c2013 |
||
| 300 |
_a399ਪੰ _ccm. |
||
| 650 |
_aਧਰਮ _9159880 |
||
| 942 |
_hQ8441wK30, 153Q3 _cTEXL _2CC |
||
| 999 |
_c297155 _d297155 |
||